Quizzes
Events
Quiz Creation
Community
Videos
Private Events
Remove Ads
Sign In
Join for FREE
Feedback
Dark Mode
Quiz Categories
Sports
Geography
Music
Movies
Television
Just For Fun
Miscellaneous
History
Literature
Language
Science
Gaming
Entertainment
Religion
Holiday
For Kids
Quiz Lab
Recent
Popular Today
Quiz Kudos Today
Editor Picks
Curator Picks
Quizzes by...
Day
Popularity
Type
Ratings
Length
Year
Community
Subscriptions
Recent Discussions
Orange Saloon
Badges
Playlists
Quests
Create
Leaderboards
Showdown
Live 5
Trivia Bingo
Activity
Puzzle Library
Sporcle Events
Private Events
Virtual Trivia
Globe League
Become a Host
Pub Owners
SporcleCon
Opinionation
Our Games
Videos
Blog
Mobile Apps
Partnerships
Remove Ads and Go Orange
Feedback
Movies
Disney
Marvel Cinematic Universe
Movie Resume
Movie Titles
Oscar
Actor
Actress
Director
Pixar
Role
Movie Quotes
Movie Characters
Box Office
Nominee
Best Picture
Star Wars
James Bond
Horror Movies
Movies
Disney
Marvel Cinematic Universe
Movie Resume
Movie Titles
Oscar
Actor
Actress
Director
Pixar
Role
Movie Quotes
Movie Characters
Box Office
Nominee
Best Picture
Star Wars
James Bond
Horror Movies
Random Quiz
Search Sporcle
×
Quiz Lab
Quiz Lab
Movies
1998
Type in answers that appear in a list
Type in answers that appear in a list
Classic
Best Score? Go Orange.
The Parent Trap (1998) Stats
Can you name the The Parent Trap (1998)?
By
hxutislkj
18m
120 Questions
1,121 Plays
1,121 Plays
1,121 Plays
Comments
Comments
Give Quiz Kudos
Give Quiz Kudos
-
- Ratings
hide this ad
More Info
Replay
Link that replays current quiz
Next Quiz
Link to next quiz in quiz playlist
You Got
0%
They Got
Avg Score
39%
Avg Friend Score
Upgrade to see
Score Distribution
Jump to the score distribution portion of the page
Score
0/120
Timer
18:00
0
Plays Today
Clues
Answer
% Correct
What colour is Martin's Speedo?
Blue
94.7%
When Annie and Hallie first shook hands, what colour of nail polish does Hallie have on?
Blue
94.7%
When Hallie jumped into the pool, what colour of swimsuit does she have on?
Blue
94.7%
Annie's city?
London
93.5%
Hallie's city?
Napa
90.1%
The day when Elizabeth was packing to head to the States, how many curlers are in her hair?
2
87.2%
How many clipboards were hang up in the storage room of Parker Knoll?
2
85.5%
How old is Meredith?
26
85.3%
What colour is Hallie's duffel?
Yellow
78.9%
What colour was the hankerchief Hallie wore on the camping trip?
Yellow
78.9%
What is the camp the twins attended called?
Camp Walden
78.3%
When Elizabeth and Nick married in 1986, what colour was the flowers in their bouquet?
White
76.4%
What colour is Hallie's horse?
White
76.4%
What is the colour of the hat Hallie chose for the model to wear at the photo shoot?
White
75.7%
What is the colour of the vehicle which Annie and Nick drove home in?
Green
73.7%
What is the colour of the big water balloon that soaked Annie?
Green
73.7%
Who won the poker game?
Hallie
70%
What did the twins eat Oreos with?
Peanut butter
69.9%
What fruit are the twins allergic to?
Strawberries
68.9%
What colour is Nick's horse?
Black
68.6%
Who won the fencing contest?
Annie
68.2%
What is Hallie's last name?
Parker
67.5%
What colour was the hankerchief which Annie wore on the camping trip?
Red
67.4%
What is the colour of the pen Meredith's assistant was holding?
Black
67.2%
What is the name of the ship which Nick and Elizabeth married on?
Queen Elizabeth 2
65.2%
What is Annie's last name?
James
64.3%
What part of California is Napa in?
Northern
63.1%
What is the name of Hallie's stuffed animal?
Cuppy
62.3%
The day Elizabeth left Nick, what did she throw at him?
A hairdryer
60.5%
Who is the first one in Napa who knew that the twin switched places?
Chessy
59.7%
What was the name of Elizabeth's butler?
Martin
58.7%
How many days did they plan on going on the camping trip?
3
57%
Who is the first one in London to know that the twins switched places?
Grandfather
54.4%
Did Martin and Chessy marry?
Yes
53.6%
What language, besides English, did Annie speak?
French
52.3%
Who played both Annie and Hallie in this movie?
Lindsay Lohan
51.4%
What was the song that played at the beginning of the movie?
L-O-V-E
51.4%
Name one Nat King Cole song from this movie.
L-O-V-E
50.9%
What did Annie's fax to Hallie say?
911
49.8%
What did Nick call Elizabeth?
Lizzie
48.8%
Clues
Answer
% Correct
What is Hallie's dog named?
Sammy
48.3%
What is the song that Hallie hummed while Meredith came out of the elevator?
Let's Get Together
46.8%
Finish the quote: In your honour,
a royal flush.
44.3%
When sitting at a bar, Meredith said that she saw a gown that Elizabeth designed in what magazine?
Vogue
44.1%
What is the kind of water which Meredith was drinking?
Evian
43.8%
What did Annie 'think' her dad would do to Meredith?
Adopt her
43.4%
What city is the hotel in?
San Francisco
43.2%
What did Grandpa smell like?
peppermint and pipe tobacco
43.1%
What does the banner which was hung up in Annie's living room way?
Welcome Home Annie
42.9%
Finish the quote: T-
H-
E-
M, them,
get the picture?
42.9%
What name did Meredith scream out when she realised she was in the middle of the lake?
Nicki
42.3%
What was Elizabeth drinking on the way to the Stafford?
Vodka
41.7%
What colour was Chessy's swimsuit?
Brown
40.6%
Name one Beatles song from this movie.
Here Comes The Sun
40.5%
What was in Elizabeth's drink when she ordered it in the Stafford?
Tar
40.1%
Who is the camp director?
Marva
39.5%
Finish the quote: Hi pet,
you may call me Aunt Vicki.
39.5%
Who played Nick in this movie?
Dennis Quaid
39.4%
What is the name of the hotel?
Stafford Hotel
39.2%
Finish the quote: That tall,
gangly thing.
38.1%
What two colours are the camp uniform?
Green and white
35.9%
In which suit was Hallie's winning hand?
Spades
35.9%
What did the girls replace Meredith's mosquito repellent with?
Sugar and water.
35.9%
Finish this quote:I would pay big money to see
that woman climb a mountain.
35.2%
Finish the quote: My mom is
too cool.
34.6%
What is Hallie's horse called?
Sprout
33%
Who played Elizabeth in this movie?
Natasha Richardson
32.5%
Finish the quote: I cannot believe I am finally meeting
the famous Hallie.
29.8%
How many flags are hang up on the entrance of the Stafford?
10
28.6%
Who is her right-
hand man?
Marva Jr.
28.3%
Finish the quote: You are nervous?
An 11 year old is cutting my hair!
27%
What is the name of the song that played when Hallie was riding through London?
There She Goes
26.7%
What is Meredith's occupation?
Publicist
26.5%
What is the name of Elizabeth's shop?
Elizabeth James
26.1%
Finish the quote: Get into these arms,
you little punk.
26%
Finish the quote: I expected to meet a little girl but
you are so grown up.
25.1%
Finish the quote: Did you know that the Concord
gets you here in half the time
24.7%
What did Chessy have ready when Annie and Nick arrived home?
Cornbread and chili
24.5%
What is the name of Meredith's assistant?
Richard
24.4%
What is the last quote from the movie?
We actually did it.
24.3%
Clues
Answer
% Correct
On the night in which they decided to switch places, what pattern is on Hallie's pajamas?
Clouds
23.3%
What is the name of the vineyard?
Parker Knoll
23.2%
Fill in the quote: Race you back
to the ranch, Dad.
22.6%
What does it say on the bottle of wine which Nick and Elizabeth drank from on the night of their wedding?
Where Dreams Have No End
22.3%
What is Annie's address in London?
7 Pembroke Lane
21.7%
Finish the quote: Two martinis please, and
make Mr.Parker's a double.
21.7%
Finish the quote: Wear your shirt like this. I like it when
I can see a little chest hair.
20.8%
FInish the quote: You and you,
pack your bags!
20.6%
On the night in which they decided to switch places, what pattern is on Annie's pajamas?
Flowers
18.6%
Finish the quote: We actually
did it.
17.1%
Finish the quote: I have a
brilliant, beyond brilliant idea.
16.1%
What did Meredith throw at Nick when she left him?
An engagement ring
13.5%
Finish the quote: You don't always
have to be so brave.
13.4%
Finish the quote: A dog at the Stafford?
Hal begged me to bring him.
13.2%
Finish the quote: The day I say I do is the day I ship
those brats off to Switzerland.
12.6%
Fill in the quote: Don't look at me,
I don't know a thing.
12.2%
What is the song that played during the photo shoot?
Never Let You Go
12%
Finish the quote: We have been punished
through the end of the century.
11.8%
Finish the quote: Want me to
deck her for you?
11.7%
Who is the director of this movie?
Nancy Meyers
11.7%
Finish the quote: This will cure anything that you've got.
Just don't ask what's in it.
11.5%
Finish the quote: How about a martinis?
How about a double?
10.3%
Which scene was deleted from the movie?
Hallie Meets the Queen
9.9%
Which lake is Camp Walden by?
Moose Lake
9.8%
Finish the quote: Don't think I can't see right past
those angelic faces.
8.8%
Finish the quote: Let's say we take a
stroll in the park.
8.2%
Finish the quote: Martin, I do have a ridiculous,
somewhat childish request.
7.9%
Finish the quote: I got my first
beau at 11.
7.9%
Finish the quote: We played a couple of harmless tricks on her and she
kind of freaked out a little.
6.8%
Who composed the film music for this movie?
Alan Silvestri
6.5%
What surprise did the twins have for their parents the night when they went onto the cruise?
They are not joining them.
6%
Finish the quote: She never had more than one glass of wine in her entire life
and she chooses today to show up totally zonked.
5.7%
Finish the quote: I am telling you guys,
lay off.
5.5%
Finish the quote: Right over a cliff you will help me.
Not a bad idea. See any cliffs?
5.4%
Finish the quote: So you are coming to Napa for Thanksgiving.
I won't miss it for the world.
4.3%
Finish the quote: He used to make me weak in the knees,
if you can imagine that.
4.3%
Finish the quote: We have heard
nothing but wonderful things about you.
4.2%
Finish the quote: This is where I keep
my private stash.
4.1%
Finish the quote: Annie, would you hate
to run down to the studio with me?
3.9%
Finish the quote: Can I get back to you on that,
I am not so sure at the moment.
1.7%
Quiz Playlist
Details
Report
Send in Message
Add To Playlist
More Info:
This is a quiz for you to know how well you remembered the 1998 film, The Parent Trap.
Classic:
Type in answers that appear in a list
Last Updated: Feb 16, 2017
Quiz Scoreboard
CHALLENGE
Sign Up to Join the Scoreboard
Show All
Scores
Hide
Comments
May contain spoilers
Recently Published
9x9 Crossword: Cartoon Network
by jackfrog10
Miscellaneous
3m
College Basketball Coaching Resumes
by pancakes188
Sports
9m
Billboard Blitz: Fleetwood Mac
by CooCooCachoo
Music
15s
More to Explore
Quiz From the Vault
Featured Blog Post
Where Did the Easter Bunny Come From?
hide this ad
You Might Also Like...
Tags
1998
parent
trap
Today's Top Quizzes in Movies
Browse Movies
hide this ad
Today's Top Quizzes in 1998
Browse 1998
Top Contributed Quizzes in Movies
1
Pick 5 Posters: Directed by Spielberg
2
7-to-1: Pixar Characters
3
Pick 5 Posters: Lowest-Rated Spielberg
4
Sorting Actors
5
Sorting Actresses
6
Pick 5 Posters: Directed by Scorsese
7
Pick 5 Posters: Star & Director
8
Pick 5 Posters: Women Directed 2020s
9
12 Movies about Fictional 1960s Events
10
Multi-Oscar Nominations, One Movie, One Winner
Explore More
Trending Topics
Anime
Kpop
Marvel
Harry Potter
NBA
Disney
Crossword
Pokémon
NFL
Song
Soccer
Puzzle
Country
The Office
WWE
hide this ad
More By:
hxutislkj
Quiz
Plays
Rating
Category
Featured
Created
The Parent Trap (1998)
1,121
3.00
Movies
Dec 23, 2010
The Parent Trap crew (1998)
313
Movies
Dec 24, 2010
Chopin Composition Keys
104
Music
Dec 23, 2010
Film Composers
86
Movies
Dec 23, 2010
Beethoven Compositions
80
Music
Dec 23, 2010
Go to Creator's Profile
Score Distribution
Quiz Creator Spotlight
hxutislkj
Follow
Send a Message
Quizzes Created
-
Created Quiz Play Count
-
More By This Creator
Popular Quizzes Today
1
Find the US States - No Outlines Minefield
2
Find the Countries of Europe - No Outlines Minefield
3
The Countries of the World
4
Find the US States
5
Risky Map Clicking: Biggest States A-Z
6
US States
7
Popular People in 1961
8
Movies - When Are They Set?
More Movies Quizzes
MCU - Chronological Order
Quiz Lab
Trending Quizzes
Risky Map Clicking: Least Populous States A-Z
1-10 Letter G Words
1-10 Letter F Words
Risky Map Clicking: Next State Alphabetically
Adjectives in 80s TV Shows
Recently Updated
Leaping Animals
pecheneg
Reality TV Shows (A-Z)
bhenderson79
Rickey Henderson's Hall of Fame Teammates
pecheneg
Champions League XIs: Arsenal
pecheneg
Quick Pick: Celebrities in WWE's Hall of Fame
aduchscher
A-Z Keypad Blitz II
pecheneg
Multiple Oscar Actors
pecheneg
Mystery Phrase Blitz: Oscar 'Best Actors'
pecheneg
F. Scott Fitzgerald Novels
LTH
Pick 3 Villains
ddd62291
Trending Topics
Anime
Marvel
Crossword
Disney
Harry Potter
Kpop
NBA
Song
Soccer
Pokémon
WWE
The Office
Puzzle
Country
NFL
Your Account Isn't Verified!
In order to create a playlist on Sporcle, you need to verify the email address you used during registration. Go to your
Sporcle Settings
to finish the process.
Report this User
Report this user for behavior that violates our
Community Guidelines
.
Details:
Send Report
Go to the Sporcle.com Mobile Site →
Comments